[Event "SVK-chT4 A21 1920"]
[Site "Slovakia"]
[Date "2020.02.23"]
[Round "9.5"]
[White "Dubanova, Kristina"]
[Black "Dest, Stanislav"]
[Result "0-1"]
[WhiteElo "1112"]
[BlackElo "1541"]
[PlyCount "104"]
[EventDate "2019.10.13"]
[EventType "team-tourn"]
[EventRounds "11"]
[EventCountry "SVK"]
[SourceTitle "CBM 195 Extra"]
[Source "ChessBase"]
[SourceDate "2020.05.31"]
[SourceVersion "1"]
[SourceVersionDate "2020.05.31"]
[SourceQuality "1"]
[WhiteTeam "Skalica III"]
[BlackTeam "Brezova pod Bradlom"]
[WhiteTeamCountry "SVK"]
[BlackTeamCountry "SVK"]

1. e4 e5 2. f4 Nc6 3. Nf3 d6 4. Bc4 Be7 5. 0-0 Nf6 6. Nc3 0-0 7. d3 Bd7 8. Qe1 exf4 9. Bxf4 Na5 10. Bb3 Nxb3 11. axb3 a6 12. d4 Be6 13. Qh4 Nxe4 14. Qe1 Nf6 15. Ng5 Bf5 16. Qe2 Qd7 17. Qf2 Bg6 18. Rae1 d5 19. Re2 Bh5 20. Ree1 Rac8 21. Ne2 Bg6 22. Ng3 c5 23. c4 cxd4 24. Rc1 h6 25. Nf3 d3 26. Ne5 Qd8 27. c5 Ne4 28. Nxe4 dxe4 29. Be3 Bh7 30. Qg3 Bg5 31. b4 Bxe3+ 32. Qxe3 Qd5 33. Qg3 Rce8 34. Ng4 Kh8 35. Ne3 Qd4 36. b3 Qxb4 37. Kh1 Rd8 38. Rfd1 f5 39. Qf4 Qxb3 40. Rb1 Qf7 41. Rb6 Qe7 42. Rdb1 Qxc5 43. Rxb7 d2 44. Rc7 Qd4 45. Nd1 Qd6 46. g3 Qxf4 47. gxf4 Bg6 48. Kg2 Bh5 49. Kf2 Bxd1 50. Rxd1 Rfe8 51. Ke3 Rd3+ 52. Ke2 Red8 0-1

[Event "Skalica op"]
[Site "Skalica"]
[Date "2020.01.11"]
[Round "9"]
[White "Kubis, Ivan"]
[Black "Dest, Stanislav"]
[Result "0-1"]
[WhiteElo "1863"]
[BlackElo "1566"]
[PlyCount "94"]
[EventDate "2020.01.11"]
[EventType "swiss"]
[EventRounds "9"]
[EventCountry "SVK"]
[SourceTitle "CBM 194 Extra"]
[Source "ChessBase"]
[SourceDate "2020.03.31"]
[SourceVersion "1"]
[SourceVersionDate "2020.03.31"]
[SourceQuality "1"]

1. e4 e5 2. Nf3 Nc6 3. Bb5 a6 4. Ba4 Be7 5. c3 Nf6 6. 0-0 d6 7. Re1 0-0 8. h3 b5 9. Bc2 Na5 10. d4 exd4 11. cxd4 Nc4 12. b3 Nb6 13. Bb2 Bb7 14. Nbd2 Re8 15. Nf1 c5 16. Ng3 cxd4 17. Nxd4 Nbd7 18. Ndf5 Ne5 19. Nxe7+ Qxe7 20. Nf5 Qc7 21. Rc1 Rad8 22. Bb1 Qb8 23. f4 Ned7 24. Nxd6 Nc5 25. Nxb7 Rxd1 26. Rcxd1 Qxb7 27. e5 Nd5 28. Be4 Rd8 29. Bf3 Ne6 30. Rd2 Nexf4 31. Red1 Qb6+ 32. Bd4 Qg6 33. Be3 h6 34. Bxf4 Nxf4 35. Rxd8+ Kh7 36. Kf2 Qc2+ 37. R1d2 Qc5+ 38. R8d4 Qxe5 39. Be4+ f5 40. Bc2 Qc5 41. Kf3 Nh5 42. Rd5 Qc3+ 43. Kf2 Qg3+ 44. Kf1 Qf4+ 45. Ke1 Ng3 46. Rf2 Qc1+ 47. Rd1 Qe3+ 0-1

[Event "SVK-chT4 A21 1920"]
[Site "Slovakia"]
[Date "2019.11.10"]
[Round "3.4"]
[White "Dest, Stanislav"]
[Black "Damborsky, Pavol"]
[Result "1-0"]
[WhiteElo "1541"]
[BlackElo "1581"]
[PlyCount "120"]
[EventDate "2019.10.13"]
[EventType "team-tourn"]
[EventRounds "11"]
[EventCountry "SVK"]
[SourceTitle "CBM 193 Extra"]
[Source "ChessBase"]
[SourceDate "2020.01.31"]
[SourceVersion "1"]
[SourceVersionDate "2020.01.31"]
[SourceQuality "1"]
[WhiteTeam "Brezova pod Bradlom"]
[BlackTeam "Kopcany"]
[WhiteTeamCountry "SVK"]
[BlackTeamCountry "SVK"]

1. d4 d5 2. c4 dxc4 3. Nc3 c6 4. a4 Nf6 5. e3 Be6 6. Nf3 Nbd7 7. Be2 Bd5 8. Qc2 Bxf3 9. Bxf3 e6 10. 0-0 Nd5 11. Rd1 Bd6 12. Ne4 Bc7 13. Qxc4 0-0 14. Bd2 N7f6 15. Nc5 Rb8 16. e4 Nb6 17. Qd3 h6 18. Bc3 Nbd7 19. Nb3 Bb6 20. Nd2 Qe7 21. Nc4 Rfd8 22. Qe2 Bc7 23. Ne3 Nf8 24. Re1 Ng6 25. g3 Rd7 26. Rad1 Rbd8 27. Qc4 a6 28. d5 cxd5 29. exd5 Ne5 30. Bxe5 Bxe5 31. dxe6 Qxe6 32. Rxd7 Nxd7 33. Bd5 Qg6 34. Bxb7 Bxb2 35. Be4 Qf6 36. Nd5 Qd4 37. Ne7+ Kf8 38. Qxd4 Bxd4 39. Nc6 Re8 40. Nxd4 Nc5 41. f3 Nxa4 42. Rc1 Rb8 43. Kg2 g6 44. Rc7 Rb6 45. Nc6 Nc3 46. Rc8+ Kg7 47. Bd3 Nd5 48. Ne5 Rf6 49. Ng4 Rb6 50. Bc4 Nf6 51. Ne5 Rb7 52. Bxa6 Re7 53. Nc6 Rd7 54. Bc4 h5 55. Ne5 Re7 56. Nxf7 Rxf7 57. Bxf7 Kxf7 58. h4 Kg7 59. Kf2 Nd5 60. Rd8 Ne7 1-0

[Event "SVK-chT4 A21 1920"]
[Site "Slovakia"]
[Date "2019.10.13"]
[Round "1.4"]
[White "Drozd, Jan"]
[Black "Dest, Stanislav"]
[Result "0-1"]
[WhiteElo "1513"]
[BlackElo "1541"]
[PlyCount "110"]
[EventDate "2019.10.13"]
[EventType "team-tourn"]
[EventRounds "11"]
[EventCountry "SVK"]
[SourceTitle "CBM 193 Extra"]
[Source "ChessBase"]
[SourceDate "2020.01.31"]
[SourceVersion "1"]
[SourceVersionDate "2020.01.31"]
[SourceQuality "1"]
[WhiteTeam "Senica CVC II"]
[BlackTeam "Brezova pod Bradlom"]
[WhiteTeamCountry "SVK"]
[BlackTeamCountry "SVK"]

1. e4 e5 2. Nf3 Nc6 3. Bc4 Be7 4. c3 Nf6 5. d3 d6 6. Bg5 0-0 7. 0-0 a6 8. Re1 Na5 9. Nbd2 Nxc4 10. Nxc4 Be6 11. Na5 Rb8 12. Nb3 h6 13. Bh4 Nh7 14. Bxe7 Qxe7 15. d4 Bg4 16. Qd3 Ng5 17. Nbd2 Qf6 18. Re3 Ne6 19. h3 Nf4 20. Qf1 Bd7 21. d5 g5 22. g4 Kh7 23. Nh2 Rg8 24. Kh1 Rg6 25. Rf3 Qe7 26. Re1 Rh8 27. Ree3 Kg7 28. Kg1 h5 29. Rg3 f6 30. gxh5 Nxh5 31. Rgf3 Rgh6 32. Qg2 Nf4 33. Rxf4 exf4 34. Rf3 Bxh3 35. Rxh3 Rxh3 36. Ng4 Qf7 37. Nf3 Qh5 38. Ngh2 Qg6 39. Qg4 R3h5 40. Qd7+ Qf7 41. Qg4 Qe7 42. Qf5 R5h6 43. Ng4 Rg6 44. Kg2 Re8 45. Nd2 b5 46. b3 Rh8 47. f3 Kf7 48. c4 Rg7 49. Nf1 Rh4 50. Nfh2 Rgh7 51. cxb5 axb5 52. a4 bxa4 53. bxa4 Rh8 54. a5 Ra8 55. e5 dxe5 0-1

[Event "SVK-chT3A2 1819"]
[Site "Slovakia"]
[Date "2019.01.13"]
[Round "6.5"]
[White "Skreko, Igor1111"]
[Black "Dest, Stanislav"]
[Result "1/2-1/2"]
[WhiteElo "1547"]
[BlackElo "1527"]
[PlyCount "112"]
[EventDate "2018.10.07"]
[EventType "team-tourn"]
[EventRounds "11"]
[EventCountry "SVK"]
[SourceTitle "EXT 2020"]
[Source "ChessBase"]
[SourceDate "2019.10.17"]
[SourceVersion "1"]
[SourceVersionDate "2019.10.17"]
[SourceQuality "1"]
[WhiteTeam "Modranka Komplet"]
[BlackTeam "Senica SK"]
[WhiteTeamCountry "SVK"]
[BlackTeamCountry "SVK"]

1. c4 e5 2. Nc3 Nf6 3. g3 c6 4. e4 d6 5. Bg2 Be7 6. Nf3 Bg4 7. h3 Bd7 8. 0-0 0-0 9. d4 exd4 10. Nxd4 Qc8 11. Kh2 Na6 12. a3 Nc7 13. Qd3 Rd8 14. Rd1 h6 15. g4 a6 16. Bf4 Nce8 17. Rd2 Nh7 18. Re1 Bg5 19. Qg3 Bxf4 20. Qxf4 Ng5 21. Nf5 Bxf5 22. exf5 Nh7 23. Ne4 d5 24. cxd5 cxd5 25. Nc3 Nhf6 26. Nxd5 Nxd5 27. Rxd5 Rxd5 28. Bxd5 Nf6 29. Bf3 Qb8 30. Qxb8+ Rxb8 31. Re7 b6 32. Rb7 Rxb7 33. Bxb7 a5 34. Bc6 Kf8 35. Kg3 Ke7 36. Kf4 Kd6 37. Bf3 Nh7 38. h4 f6 39. Ke4 Kc5 40. Kd3 Nf8 41. Be4 Nd7 42. f4 Kd6 43. Kd4 Nc5 44. Bc2 Nd7 45. b4 axb4 46. axb4 Nb8 47. Be4 Na6 48. Kc4 Nc7 49. b5 Ne8 50. Bc6 Nc7 51. Kd4 Ke7 52. Kc3 Kd6 53. Kc4 Ke7 54. Kd4 Kd6 55. g5 Ke7 56. gxh6 gxh6 1/2-1/2

[Event "SVK-chT3A2 1819"]
[Site "Slovakia"]
[Date "2018.11.04"]
[Round "3.4"]
[White "Suchan, Jozef"]
[Black "Dest, Stanislav"]
[Result "0-1"]
[WhiteElo "1764"]
[BlackElo "1527"]
[PlyCount "76"]
[EventDate "2018.10.07"]
[EventType "team-tourn"]
[EventRounds "11"]
[EventCountry "SVK"]
[SourceTitle "EXT 2020"]
[Source "ChessBase"]
[SourceDate "2019.10.17"]
[SourceVersion "1"]
[SourceVersionDate "2019.10.17"]
[SourceQuality "1"]
[WhiteTeam "Trnava Lokomotiva II"]
[BlackTeam "Senica SK"]
[WhiteTeamCountry "SVK"]
[BlackTeamCountry "SVK"]

1. d4 d5 2. c4 e6 3. e3 Nf6 4. Nf3 Nbd7 5. Bd3 Be7 6. 0-0 0-0 7. Nc3 a6 8. b3 c5 9. Bb2 Re8 10. Rc1 b6 11. Re1 Bb7 12. a3 Qb8 13. h3 Bd6 14. Qe2 cxd4 15. exd4 e5 16. dxe5 Nxe5 17. Nxe5 Bxe5 18. Qd2 Bf4 19. Rxe8+ Nxe8 20. Qc2 Bxc1 21. Bxh7+ Kh8 22. Bxc1 Nf6 23. Bd3 Qd6 24. Bb2 Re8 25. Ne2 dxc4 26. bxc4 Qc6 27. f3 Qc5+ 28. Kf1 Qd6 29. a4 Rd8 30. Bd4 Re8 31. Bf2 Bc8 32. c5 bxc5 33. Bxc5 Qc7 34. Qc4 Re5 35. Bd4 Qxc4 36. Bxc4 Ra5 37. Nc3 Be6 38. Bb6 Bxc4+ 0-1

[Event "SVK-chT3A2 1718"]
[Site "Slovakia"]
[Date "2017.11.19"]
[Round "4.5"]
[White "Mezes, Kristof"]
[Black "Dest, Stanislav"]
[Result "0-1"]
[WhiteElo "1415"]
[BlackElo "1439"]
[PlyCount "74"]
[EventDate "2017.10.08"]
[EventType "team-tourn"]
[EventRounds "11"]
[EventCountry "SVK"]
[SourceTitle "EXT 2020"]
[Source "ChessBase"]
[SourceDate "2019.10.17"]
[SourceVersion "1"]
[SourceVersionDate "2019.10.17"]
[SourceQuality "1"]
[WhiteTeam "Dunajska Streda II"]
[BlackTeam "Senica SK"]
[WhiteTeamCountry "SVK"]
[BlackTeamCountry "SVK"]

1. d4 d5 2. c4 e6 3. Nc3 Nf6 4. Bg5 Be7 5. Nf3 Nbd7 6. e3 0-0 7. cxd5 exd5 8. Bd3 c6 9. 0-0 h6 10. Bh4 Re8 11. Qc2 Nf8 12. Rfe1 Be6 13. h3 Nh5 14. Bxe7 Qxe7 15. Re2 Qd7 16. Ne5 Qc8 17. h4 Nf6 18. b4 Qd8 19. g3 N8d7 20. a4 Nxe5 21. dxe5 Bg4 22. Rd2 Rxe5 23. Ne2 Qd6 24. Re1 Rae8 25. Nf4 Nh5 26. Qc3 Nxf4 27. gxf4 R5e6 28. Be2 Bxe2 29. Rdxe2 Rg6+ 30. Kf1 Qe7 31. Qd4 Qxh4 32. Rb2 Qh1+ 33. Ke2 Qe4 34. Qxe4 Rxe4 35. Ra1 d4 36. Rb3 dxe3 37. fxe3 h5 0-1

[Event "SVK-chT4 A21 1617"]
[Site "Slovakia"]
[Date "2016.12.18"]
[Round "6.5"]
[White "Ganz, Marek"]
[Black "Dest, Stanislav"]
[Result "1/2-1/2"]
[WhiteElo "1504"]
[BlackElo "1410"]
[PlyCount "90"]
[EventDate "2016.10.09"]
[EventType "team-tourn"]
[EventRounds "11"]
[EventCountry "SVK"]
[SourceTitle "EXT 2018"]
[Source "ChessBase"]
[SourceDate "2017.10.13"]
[SourceVersion "1"]
[SourceVersionDate "2017.10.13"]
[SourceQuality "1"]
[WhiteTeam "Trnava Lokomotiva Jun"]
[BlackTeam "Senica II"]
[WhiteTeamCountry "SVK"]
[BlackTeamCountry "SVK"]

1. e4 e5 2. Nf3 Nc6 3. Bc4 Be7 4. c3 Nf6 5. d3 0-0 6. Be3 d6 7. Nbd2 Na5 8. 0-0 Nxc4 9. Nxc4 Be6 10. Ncd2 b6 11. d4 Bg4 12. Qc2 exd4 13. cxd4 c5 14. Rfe1 Re8 15. dxc5 dxc5 16. e5 Nd5 17. Rad1 Qc7 18. Qe4 Nxe3 19. Qxe3 Rad8 20. Qe4 Be6 21. b3 h6 22. Nc4 b5 23. Ne3 Qc8 24. Nd5 Rxd5 25. Rxd5 Bxd5 26. Qxd5 Rd8 27. Qe4 Qd7 28. h3 Qe6 29. Qb7 a6 30. Qe4 Rd5 31. Kf1 Bd8 32. Kg1 Ba5 33. Re3 Qd7 34. e6 Qxe6 35. Qxe6 fxe6 36. Rxe6 Rd1+ 37. Kh2 Bc7+ 38. g3 Rd6 39. Re7 Ba5 40. Re4 Rf6 41. Kg2 Kf8 42. Ne5 Kg8 43. Nf3 Rf8 44. Re6 Ra8 45. Rc6 Bb4 1/2-1/2